000 00929nam a22002537a 4500
005 20170124110040.0
010 _aA-759304
020 _c00.00
_a8170188520
035 _aA-759304
037 _bCen Lib/Ret
040 _aDPL
_bEN
082 _a883.08
_bSHA
100 _aSharma, Ashok Kumar
_923626
245 _aThe novels of Manohar Malgaonkar :
_cby Ashok Kumar Sharma and edited by A. N. Dwivedi
_ba study /
260 _c1995
_aDelhi
_bB.R. Publishing
270 _bDelhi
_aA-6, Nimri Community Centre, Ashok Vihar-IV, Near Bharat Nagar
_e110052
300 _aviii,122p.
_c20cm(Hb)
490 _aIndian writers series ; edited by A. N. Dwivedi
500 _aIncludes bibliographical references and index
650 _aMalgonkar, Manohar, -- 1913-2010 -- Fictional works
_923627
650 _aIndia -- In literature
_9102526
700 _aDwivedi, A. N.
_9102527
942 _2ddc
_cEN
_h883.08
_mSHA
999 _c128506
_d128506